| 000 | 00595nam a2200193 a 4500 | ||
|---|---|---|---|
| 005 | 20240924064334.0 | ||
| 008 | 991125s1971 mx 000 0 spa u | ||
| 035 | _aUPN01000024615 | ||
| 049 | _aUNE | ||
| 050 | 4 |
_aLC71.2 _bH3.5 |
|
| 100 | 1 |
_aHarman, Willis W., _d1918-1997 _935254 |
|
| 245 | 1 | 0 |
_aMéthodologie de la futurologie éducative / _cpar Willis W. Harman et Mae E. Rosenberg. |
| 260 |
_a[París?] : _bUNESCO, _c1971. |
||
| 300 | _a19 p. | ||
| 440 | 0 |
_aSerie B. _pOpinions ; _v44 |
|
| 650 | 4 |
_aEducación _xPlanificación _91146 |
|
| 700 | 1 |
_aRosenberg, Mae E., _ecoaut. |
|
| 905 | _aLibro | ||
| 999 |
_c24615 _d24615 |
||